<?xml version="1.0" encoding="UTF-8"?>
<record
    xmlns:xsi="http://www.w3.org/2001/XMLSchema-instance"
    xsi:schemaLocation="http://www.loc.gov/MARC21/slim http://www.loc.gov/standards/marcxml/schema/MARC21slim.xsd"
    xmlns="http://www.loc.gov/MARC21/slim">

  <leader>00617nam a2200217 i 4500</leader>
  <controlfield tag="001">C2-0323819</controlfield>
  <controlfield tag="003">PPAK</controlfield>
  <controlfield tag="005">20180728122313.0</controlfield>
  <controlfield tag="008">970115s1976    my a|||| |||||  |   may d</controlfield>
  <datafield tag="040" ind1=" " ind2=" ">
    <subfield code="a">PPAK</subfield>
    <subfield code="b">eng</subfield>
    <subfield code="c">PPAK</subfield>
    <subfield code="e">rda</subfield>
  </datafield>
  <datafield tag="082" ind1="0" ind2="4">
    <subfield code="a">398.2209595112</subfield>
    <subfield code="2">23</subfield>
  </datafield>
  <datafield tag="090" ind1="0" ind2="0">
    <subfield code="a">398.2209595112</subfield>
    <subfield code="b">ABD</subfield>
    <subfield code="d">KK</subfield>
  </datafield>
  <datafield tag="100" ind1="0" ind2=" ">
    <subfield code="a">Abdul Ghani Az, </subfield>
    <subfield code="e">author</subfield>
  </datafield>
  <datafield tag="245" ind1="1" ind2="0">
    <subfield code="a">Penduduk Kedah asalnya dari gergasi?</subfield>
  </datafield>
  <datafield tag="264" ind1=" " ind2="1">
    <subfield code="a">[Kuala Lumpur] : </subfield>
    <subfield code="b">Utusan , </subfield>
    <subfield code="c">1976</subfield>
  </datafield>
  <datafield tag="300" ind1=" " ind2=" ">
    <subfield code="a">[6 pages] : </subfield>
    <subfield code="b">illustrations ; </subfield>
    <subfield code="c">22 cm</subfield>
  </datafield>
  <datafield tag="336" ind1=" " ind2=" ">
    <subfield code="2">rdacontent</subfield>
    <subfield code="a">text</subfield>
  </datafield>
  <datafield tag="337" ind1=" " ind2=" ">
    <subfield code="2">rdamedia</subfield>
    <subfield code="a">unmediated</subfield>
  </datafield>
  <datafield tag="338" ind1=" " ind2=" ">
    <subfield code="2">rdacarrier</subfield>
    <subfield code="a">volume</subfield>
  </datafield>
  <datafield tag="942" ind1=" " ind2=" ">
    <subfield code="d">dc</subfield>
    <subfield code="c">B</subfield>
  </datafield>
  <datafield tag="999" ind1=" " ind2=" ">
    <subfield code="c">123832</subfield>
    <subfield code="d">123832</subfield>
  </datafield>
  <datafield tag="952" ind1=" " ind2=" ">
    <subfield code="0">0</subfield>
    <subfield code="7">1</subfield>
    <subfield code="b">PPAK</subfield>
    <subfield code="c">KK</subfield>
    <subfield code="d">2007-04-24</subfield>
    <subfield code="o">KK 398.2209595112 ABD</subfield>
    <subfield code="p">A00158888</subfield>
    <subfield code="r">2018-05-09 00:00:00</subfield>
    <subfield code="y">AR</subfield>
    <subfield code="z">Artikel Pilihan</subfield>
  </datafield>
  <datafield tag="952" ind1=" " ind2=" ">
    <subfield code="0">0</subfield>
    <subfield code="7">1</subfield>
    <subfield code="b">PPAK</subfield>
    <subfield code="c">KK</subfield>
    <subfield code="d">2007-04-24</subfield>
    <subfield code="o">KK 398.2209595112 ABD</subfield>
    <subfield code="p">A00158885</subfield>
    <subfield code="r">2018-05-09 00:00:00</subfield>
    <subfield code="y">AR</subfield>
  </datafield>
</record>
